<?xml version="1.0" encoding="UTF-8"?>
<marc:record xmlns:marc="http://www.loc.gov/MARC21/slim">
   <marc:leader>00000nam a2200000 a 4500</marc:leader>
   <marc:datafield ind1="1" ind2=" " tag="100">
      <marc:subfield code="a">Lohfink, Gerhard</marc:subfield>
      <marc:subfield code="4">aut</marc:subfield>
      <marc:subfield code="e">Verfasser/-in</marc:subfield>
   </marc:datafield>
   <marc:datafield ind1="0" ind2="0" tag="245">
      <marc:subfield code="a">Der letzte Tag Jesu</marc:subfield>
   </marc:datafield>
   <marc:datafield ind1="0" ind2="0" tag="245">
      <marc:subfield code="b">was bei der Passion wirklich geschah</marc:subfield>
   </marc:datafield>
   <marc:datafield ind1="0" ind2="0" tag="245">
      <marc:subfield code="c">Gerhard Lohfink</marc:subfield>
   </marc:datafield>
   <marc:datafield ind1=" " ind2="1" tag="264">
      <marc:subfield code="a">Stuttgart</marc:subfield>
      <marc:subfield code="b">Verl. Kath. Bibelwerk</marc:subfield>
      <marc:subfield code="c">2009</marc:subfield>
   </marc:datafield>
   <marc:datafield ind1="1" ind2=" " tag="520">
      <marc:subfield code="a">Angaben aus der Verlagsmeldung

Der letzte Tag Jesu : Was bei der Passion wirklich geschah / von Gerhard Lohfink

An einem Freitag vor fast 2000 Jahren, wahrscheinlich am 7. April des Jahres 30, wurde in einem aufgelassenen Steinbruch nahe der Stadt Jerusalem ein Jude aus Nazaret namens Jesus als politischer Verbrecher exekutiert. Wie ist es dazu gekommen? Weshalb wurde er beseitigt? Was hat sich zwischen seiner Verhaftung und seinem Tod abgespielt? Der Bibelwissenschaftler Gerhard Lohfink rekonstruiert anhand der historischen Quellen nicht nur den Ablauf des letzten Tages Jesu, sondern zeigt auch auf, wie die wahre Wirklichkeit Jesu gedeutet werden kann.
</marc:subfield>
   </marc:datafield>
   <marc:datafield ind1=" " ind2=" " tag="020">
      <marc:subfield code="a">9783460331792</marc:subfield>
      <marc:subfield code="9">9783460331792</marc:subfield>
   </marc:datafield>
   <marc:datafield ind1=" " ind2=" " tag="041">
      <marc:subfield code="a">ger</marc:subfield>
   </marc:datafield>
   <marc:datafield ind1=" " ind2=" " tag="300">
      <marc:subfield code="a">117 S.</marc:subfield>
   </marc:datafield>
</marc:record>
